000 00666nam a2200289Ia 4500
005 20260324121208.0
008 008 260324s9999 xx 000 0 eng d
020 _a9781315174570
037 _aEBOOK
040 _aCRL
040 _beng
040 _cCRL
041 _2eng
041 _aeng
084 _qCRL
100 _aDanny Walsh
_91161568
245 0 _aReminiscing Our Heritage
245 4 _bThe 70s to the Millennium
260 _bTaylor and Francis
260 _c2014
365 _a
365 _b190
856 _uhttp://www.taylorfrancis.com/books/9781315174570
942 _cEBOOK
999 _c1753511
_d1753511